Sanskar samuchyay (Record no. 397039)

MARC details
000 -LEADER
fixed length control field 00531 a2200205 4500
005 - DATE & TIME
control field 20260513151826.0
008 - FIXED-LENGTH DATA ELEMENTS--GENERAL INFORMATION
fixed length control field 260513b |||||||| |||| 00| 0 eng d
020 ## - ISBN
International Standard Book Number 9788170771807
Price Rs. 400.00
040 ## - CATALOGING SOURCE
Original cataloging agency VIVEKANANDA LIBRARY
082 ## - DDC NUMBER
Classification number 294.5923
Book Number V669S
100 ## - MAIN ENTRY--PERSONAL NAME
Personal name Vidyasagar, Madanmohan
245 ## - TITLE STATEMENT
Title Sanskar samuchyay
260 ## - PUBLICATION, DISTRIBUTION, ETC. (IMPRINT)
Place of publication, distribution, etc Delhi
Name of publisher, distributor, etc Vijaykumar Govindram Hasanand
Date of publication, distribution, etc 2024
300 ## - PHYSICAL DESCRIPTION
Pages 654
650 ## - Subject
Subject Religions
650 ## - Subject
Subject Hinduism
650 ## - Subject
Subject Hindu Sacraments
650 ## - Subject
Subject Hindu Religious Practices
942 ## - ADDED ENTRY ELEMENTS (KOHA)
Koha item type Books
Holdings
Withdrawn status Lost status Source of classification or shelving scheme Damaged status Not for loan Location (home branch) Sublocation or collection (holding branch) Shelving location Date acquired Koha issues (times borrowed) Koha full call number Accession No. Koha date last seen Koha item type
    Dewey Decimal Classification     VIVEKANANDA LIBRARY VIVEKANANDA LIBRARY Vivekananda Library 11/03/2026   294.5923 V669S 438698 11/03/2026 Books
    Dewey Decimal Classification     VIVEKANANDA LIBRARY VIVEKANANDA LIBRARY Vivekananda Library 11/03/2026   294.5923 V669S 438699 11/03/2026 Books
© Designed and Maintained by Vivekananda Library, MDU Rohtak